L'industrie Electronique en France

Gespeichert in:
Bibliographische Detailangaben
1. Verfasser: Lewen, Georges
Format: Buch
Sprache:Undetermined
Veröffentlicht: [Paris] Economie et Politique 1974
Schlagworte:
Tags: Tag hinzufügen
Keine Tags, Fügen Sie den ersten Tag hinzu!
Thư viện lưu trữ: Trung tâm Học liệu Trường Đại học Cần Thơ
LEADER 00507nam a2200193Ia 4500
001 CTU_98954
008 210402s9999 xx 000 0 und d
082 |a 621.381 
082 |b L671 
100 |a Lewen, Georges 
245 0 |a L'industrie Electronique en France 
245 0 |c Georges Lewen 
260 |a [Paris] 
260 |b Economie et Politique 
260 |c 1974 
650 |a Electronic industries 
650 |z France 
904 |i Năm 
980 |a Trung tâm Học liệu Trường Đại học Cần Thơ